[Event "RUS-ch"]
[Site "Elista"]
[Date "1994.??.??"]
[Round "9"]
[White "Ulybin, Mikhail"]
[Black "Yemelin, Vasily"]
[Result "1/2-1/2"]
[WhiteElo "2510"]
[BlackElo "2520"]
[Annotator "Arkhipov,S"]
[PlyCount "51"]
[EventDate "1994.09.??"]
[EventType "swiss"]
[EventRounds "11"]
[EventCountry "RUS"]
[SourceTitle "CBM 044"]
[Source "ChessBase"]
[SourceDate "1995.02.01"]
[SourceVersion "1"]
[SourceVersionDate "1995.02.01"]
[SourceQuality "1"]

1. e4 {Ftacnik} c5 2. Nf3 e6 3. d4 cxd4 4. Nxd4 Nc6 5. Nc3 Qc7 6. f4 a6 7. Nxc6
bxc6 8. e5 d5 $5 (8... f5 9. Bd3 d5 10. exd6 Bxd6 11. O-O Nf6 12. Qf3 O-O 13.
Nd1 $13) 9. exd6 Bxd6 10. Ne4 Be7 (10... Bxf4 $2 11. Bxf4 Qxf4 12. Qd4 e5 13.
Nd6+ Kf8 14. Qc5 Ne7 15. Bc4 {/\Rf1->}) 11. Bd3 c5 $1 (11... Nf6 $6) 12. Qe2
Nh6 (12... Nf6 {Ftacnik}) 13. Ng5 (13. O-O {Ftacnik} Nf5 14. b3 Nd4 15. Qf2 Bb7
16. Bb2 Rd8 $10 {Johansen-Olafsson,U/Thessaloniki olm/1984/}) 13... Nf5 14. O-O
g6 (14... h6 $1 {Ftacnik} 15. Nf3 O-O) 15. Bd2 (15. Bxf5 gxf5 16. Qh5 Bf6 17.
c3 Bb7 18. Qh6 Ke7 {/\ Ra8-g8-g6}) (15. Qe5 {Ftacnik} Qxe5 16. fxe5 Bb7 17. g4
$140 Nd4 18. Rxf7 h6 19. Bxg6 hxg5 20. Bxg5 O-O-O 21. Bxe7 Rdg8 22. Rf6 Rh6 23.
Bd3 Rxg4+ $40) 15... O-O 16. Bxf5 (16. Rae1 Bf6 17. c3 Bb7 $10) (16. Bc3 {
Ftacnik} Nd4 17. Qf2 Bb7 18. Qh4 h5 $13) 16... exf5 17. Bc3 Bb7 18. Qe3 (18.
Rae1 {Ftacnik} Rfe8 19. Qf2 Qc6 $13) 18... Rae8 $1 (18... Qc6 19. Rf2 Rae8 20.
Nxh7 Bh4 21. Qh3 Bxf2+ 22. Kxf2 Qxg2+ (22... f6 23. Nxf8 $18) 23. Qxg2 (23.
Qxg2 Bxg2 24. Nf6+ $18)) (18... Bxg5 $6 {Ftacnik} 19. fxg5 Rfe8 20. Qf2 Re4 21.
h3 $1 $14) 19. Nxh7 $1 (19. Qh3 Bxg5 $1 20. fxg5 Re2 21. Rf2 Rxf2 22. Kxf2 Qf4+
$17) (19. Rae1 {Ftacnik} Bxg5 (19... Bc6) 20. Qxe8 Bxf4 21. Be5 $1 Rxe8 22.
Bxc7 Be3+ (22... Rxe1 $2 23. Rxe1 Bxc7 24. Re7 $18) 23. Kh1 Re4 24. Rf3 Bd4 25.
Rxe4 fxe4 $13) 19... Bh4 $1 $8 (19... Kxh7 20. Qh3+ $18) 20. Qh3 Re2 21. Rf3 (
21. Rf2 $2 Bxf2+ 22. Kf1 Bd4 $19) 21... Rxg2+ $3 (21... Bxf3 {Ftacnik} 22. Qxh4
Rxg2+ 23. Kf1 f6 24. Nxf6+ (24. Nxf8 Qb7 $1 $17) 24... Rxf6 25. Qxf6 Qb7 (25...
Rxh2 26. Qxg6+ Kf8 27. Qxf5+ $18) 26. Qh8+ Kf7 27. Qg7+ Ke6 28. Re1+ Kd6 29.
Qf6+ Kc7 30. Re7+ $18) 22. Qxg2 (22. Kxg2 Bxf3+ 23. Qxf3 (23. Kxf3 Qb7+ 24. Ke2
Qe4+ $40) 23... Kxh7 24. Qh3 Qd8 25. Be1 Qd5+ $10) (22. Kf1 {Ftacnik} Qe7 23.
Re1 Be4 24. Kxg2 (24. Nxf8 Rg4 $1 $10) 24... Kxh7 25. Kg1 Kg8 $44) 22... Bxf3 (
22... Kxh7 $2 {Ftacnik} 23. Rh3 Qxf4 24. Qg3 Qxg3+ 25. hxg3 $18) 23. Qxf3 Kxh7
24. Be5 Qe7 25. Rd1 Rd8 (25... Bf6 $2 {Ftacnik} 26. Bd6 Bd4+ 27. Rxd4 Qe1+ 28.
Qf1 $1 $18) 26. Rxd8 1/2-1/2

[Event "Izmir op 5th"]
[Site "Izmir"]
[Date "2006.09.15"]
[Round "6"]
[White "Vonthron, Horst"]
[Black "Atalik, Suat"]
[Result "1/2-1/2"]
[WhiteElo "2310"]
[BlackElo "2619"]
[Annotator "Atalik,S"]
[PlyCount "80"]
[EventDate "2006.09.10"]
[EventType "swiss"]
[EventRounds "10"]
[EventCountry "TUR"]
[SourceTitle "EXT 2007"]
[Source "ChessBase"]
[SourceDate "2006.11.23"]
[SourceVersion "1"]
[SourceVersionDate "2006.11.23"]
[SourceQuality "1"]

1. e4 c5 2. Nf3 e6 3. d4 cxd4 4. Nxd4 a6 5. Nc3 {My opponent has chosen
something which he does not usually do.} Nc6 {I have decided to change the
line which I had in my mind} ({because he is an expert in} 5... d6 6. Bc4 $13 {
Sozin.}) 6. Nxc6 bxc6 7. e5 $5 {I think this is underestimated.} ({These days
everyone goes for} 7. Bd3 d5 8. O-O Nf6 $13) 7... Qc7 8. Bf4 $5 {Another
unexpected move.} (8. f4 d5 9. exd6 Bxd6 10. Ne4 Be7 11. Qf3 Rb8 12. Bd3 c5 13.
c3 Nf6 $14) 8... f5 {Trying to prevent Ne4.} ({I did not like to play with an
extra pawn and giving him attacking chances.However it seems that I was damn
wrong.} 8... Rb8 9. Bd3 $1 (9. Rb1 Qa5 10. Qd2 Bb4 $132) 9... Rxb2 10. O-O d5 (
10... Ne7 $6 11. Ne4 Nf5 $8 12. Qg4 h5 13. Qh3 c5 14. Nd2 Rb4 15. Nc4 $44) 11.
exd6 Bxd6 12. Bxd6 Qxd6 13. Ne4 Qe5 14. Nd2 Rb8 15. Nc4 Qc7 16. Qg4 Kf8 17. f4
Nf6 18. Qg5 c5 19. Rae1 h6 20. Qh4 Kg8 21. Re3 $44 {White has compensation but
nothing more.}) ({It is too early for} 8... g5 $2 9. Bg3 Bg7 10. Qd4 Ne7 11.
Bd3 Ng6 12. Bxg6 hxg6 13. Ne4 $16) 9. g4 $5 {I really liked this bold move.} (
9. Bd3 Nf6 $5 {and next move Nd5 so no worries about g4.}) 9... g5 $4 {Looks
great but should lose on the spot.} ({There is no serious damage in black's
position after} 9... Ne7 10. gxf5 Nxf5 11. Bd3 Rb8 $1 $13) 10. Bxg5 $2 (10.
gxf5 $1 {wins right away.} gxf4 11. Qh5+ Kd8 12. fxe6 dxe6 (12... Qb6 13. O-O-O
Rb8 14. Na4 Qb4 15. exd7 $18) 13. O-O-O+ Bd7 14. Qf7 $18) 10... Qxe5+ 11. Qe2
Qg7 $2 {I became very ambitious and started to break the rules of chess.} (
11... Qxe2+ 12. Bxe2 Be7 $11 {should be more or less equal.}) 12. Bf4 $1 $16
fxg4 13. Be5 Nf6 14. Ne4 Be7 15. Rg1 $5 {Looks like a great idea.} (15. Qe3 $2
d5 16. Qc3 O-O $1 $36) (15. Nd6+ Bxd6 16. Bxd6 Qg5 17. c4 Bb7 $13) 15... h5 16.
h3 d5 17. hxg4 $1 hxg4 $8 (17... dxe4 $2 18. g5 $18 {looks very ugly.}) 18.
Rxg4 Qh6 19. Nxf6+ $5 {He had to choose one from two seemingly winning lines.
This is always very difficult.} (19. Bxf6 Bxf6 20. Nd6+ Kd7 (20... Kf8 21. Nxc8
Rxc8 (21... Bxb2 $2 22. Qf3+ Ke8 23. Nd6+ Ke7 24. Nf7 $18) 22. Qxa6 Ke7 23. c3
Kd6 $44) 21. Nf7 Qh5 22. Nxh8 Qxh8 23. Rb1 Bxb2 $44) 19... Bxf6 20. Bxf6 Qxf6
21. O-O-O Rb8 22. c4 $1 {I did not expect this.} (22. c3 $6 e5 23. Ra4 e4 $132)
22... Rf8 (22... e5 $2 {makes the central pawns loose.} 23. Rg3 (23. Rg6 Qf4+
24. Qe3 Qxe3+ 25. fxe3 Bb7 26. cxd5 (26. Re6+ Kf7 27. Rxe5 $2 Kf6 $19) 26...
cxd5 27. Bxa6 Kf7 28. Rb6 Rhc8+ 29. Kb1 $16) 23... Be6 24. Kb1 Rb4 25. cxd5
cxd5 26. Qxa6 Bf5+ 27. Kc1 Qxa6 28. Bxa6 Rh6 29. a3 Rc6+ 30. Rc3 Rxc3+ 31. bxc3
Rb1+ 32. Kd2 Rb3 33. a4 (33. Re1 Rb2+ 34. Ke3 Rb3 $11) 33... Ke7 34. Ra1 Rb2+
35. Ke1 Kd6 36. a5 Kc5 37. Be2 $18) 23. Rd2 Kd8 $1 $16 {Black is worse but not
lost.} 24. Bg2 $2 {I am not so sure if the bishop ever belongs to that
diagonal.} (24. Qe3 $142 Rb7 $5 $16) 24... Bd7 (24... Rb4 $2 25. cxd5 $18) 25.
Rg3 Rb4 26. Rf3 (26. cxd5 exd5 27. Qxa6 Rc4+ 28. Kd1 Qf5 29. Rgd3 Qh5+ 30. f3
Qh2 $44) 26... Qh6 (26... Qg7 $142 {may be more accurate.}) 27. Rxf8+ (27. Rc3
$2 Rf4 $40) 27... Qxf8 {At least I have succeeded to exchange his active rook.}
28. cxd5 exd5 29. Qxa6 $11 Qf4 $5 (29... Rc4+ 30. Qxc4 dxc4 31. Bxc6 Kc7 32.
Bxd7 $11 {should be a draw.}) 30. Qa8+ (30. b3 Kc7 $44) 30... Kc7 31. Qa7+ Kd6
32. Qe3 {The game peters out to be a draw.} (32. Qa3 Bf5 33. Bf1 c5 $44) 32...
Rc4+ 33. Rc2 Rxc2+ {Time to settle for a draw.} (33... Bf5 $6 34. Qxf4+ (34.
Rxc4 Qxc4+ 35. Qc3 Qf4+ 36. Qd2 Qc4+ $11) 34... Rxf4 35. Rd2 Rg4 36. Bf3 $16)
34. Kxc2 Qc4+ (34... Qa4+ 35. Qb3 Bf5+ 36. Kd2 Qxb3 37. axb3 c5 38. Bf1 d4 39.
Bd3 Be6 40. Bc4 Bf5 41. f4 Ke7 $11 {is still a draw.}) 35. Kd2 Qxa2 36. Qg3+ (
36. Qf4+ Ke7 37. Qe5+ $11) 36... Ke7 (36... Kc5 37. Qg7 Qa5+ 38. Qc3+ Qxc3+ 39.
bxc3 $11) 37. Qe5+ Kd8 {All the roads lead to Rome.} (37... Be6 38. Bh3 Qa5+
39. Kc1 (39. Ke2 Qb5+ 40. Kd2 Qb4+ $11) 39... Qc5+ 40. Kd1 Qd6 $11) 38. Qb8+
Ke7 39. Qe5+ Kd8 40. Qb8+ (40. f4 Qa5+ (40... Qb1 41. Bf3) 41. Qc3 Qb6 $11)
40... Ke7 1/2-1/2

[Event "RUS-chT 11th"]
[Site "Sochi"]
[Date "2004.04.25"]
[Round "6.1"]
[White "Lastin, Alexander"]
[Black "Fominyh, Alexander"]
[Result "1-0"]
[WhiteElo "2622"]
[BlackElo "2579"]
[Annotator "Atlas,V"]
[PlyCount "81"]
[EventDate "2004.04.20"]
[EventType "team-tourn"]
[EventRounds "9"]
[EventCountry "RUS"]
[SourceTitle "EXT 2020"]
[Source "ChessBase"]
[SourceDate "2019.10.17"]
[SourceVersion "1"]
[SourceVersionDate "2019.10.17"]
[SourceQuality "1"]
[WhiteTeam "Nizhny Tagil Politekhnik"]
[BlackTeam "Vladivostok Debiut-DVGU"]
[WhiteTeamCountry "RUS"]
[BlackTeamCountry "RUS"]

1. e4 c5 2. Nf3 Nc6 3. d4 cxd4 4. Nxd4 e6 5. Nc3 a6 6. Be2 Qb6 7. Nxc6 bxc6 8.
O-O d6 9. Bf4 Qc7 10. Qd3 e5 11. Bg5 h6 12. Bd2 Be7 13. f4 Be6 14. Kh1 Nf6 15.
Qg3 g6 16. Rad1 a5 17. Bc1 Rb8 18. b3 Rb4 19. a3 Nxe4 20. Nxe4 Rxe4 21. Bd3 Rd4
22. Rde1 h5 23. h3 h4 24. Qf2 Rh5 25. Be3 Rxd3 26. cxd3 Qb7 $6 (26... exf4 27.
Bxf4 Rb5 {was to be preferred. war vorzuziehen.}) 27. b4 a4 ({The pawn is
invulnerable: Der Bauer ist tabu:} 27... axb4 28. axb4 Qxb4 $2 29. Rb1 Qc3 30.
Rb8+ Kd7 (30... Bd8 31. Bb6) 31. Rfb1 {, winning. und gewinnt.}) 28. fxe5 Rxe5
29. Bd4 Rd5 $2 (29... Rxe1 30. Rxe1 Qb5 {was more stubborn. war hartnäckiger.})
{[%tqu "En","How can White break Black's seemingly firm defensive bastions?",
"Eliminate a key defender of the black king.","Use your e1-rook for a decisive
blow.","e1e6","After this powerful strike White's attack is irresistible.",6,
"De","Wie kann Weiß die scheinbar feste schwarze Defensivbastion
durchbrechen?","Eliminieren Sie einen Schlüssselverteidiger des schwarzen
Königs.","Holen Sie mit dem Te1 zum entscheidenden Schlag aus.","e1e6","Nach
diesem Kraftzug ist der weiße Angriff unwiderstehlich.",6]} 30. Rxe6 $1 {
[%csl Gd4,Ge6,Re8,Gf1,Gf2,Rf7][%cal Gf1f7] After this impressive sacrifice
Black's position is defenseless. Nach diesem wuchtigen Opfer ist die schwarze
Stellung ohne Verteidigung.} fxe6 (30... Rf5 {fails to scheitert an} 31. Rxe7+)
31. Qf7+ Kd8 (31... Kd7 {falls short of hilft nicht wegen} 32. Bf6) 32. Bf6 (
32. Qg8+ Kd7 33. Rf7 {was another winning continuation. war eine weitere
Gewinnfortsetzung.}) 32... Qd7 33. Bxe7+ Qxe7 34. Qg8+ Kd7 (34... Qe8 {loses
after verliert nach} 35. Rf8) 35. Rf7 Rxd3 36. Qf8 Qxf7 37. Qxf7+ Kd8 38. Qxe6
{Black has no compensation for the queen. Schwarz hat keine Kompensation für
die Dame.} Kc7 39. Qe7+ Kb6 40. Qd8+ Kb7 41. Qxh4 1-0

[Event "EU-ch 4th"]
[Site "Istanbul"]
[Date "2003.06.11"]
[Round "11"]
[White "Bologan, Viktor"]
[Black "Hulak, Krunoslav"]
[Result "1-0"]
[WhiteElo "2663"]
[BlackElo "2563"]
[Annotator "Atlas,V"]
[PlyCount "143"]
[EventDate "2003.05.30"]
[EventType "swiss"]
[EventRounds "13"]
[EventCountry "TUR"]
[SourceTitle "CBM 096"]
[Source "ChessBase"]
[SourceDate "2003.09.25"]
[SourceVersion "1"]
[SourceVersionDate "2003.09.25"]
[SourceQuality "1"]

1. e4 c5 2. Nf3 e6 3. d4 cxd4 4. Nxd4 a6 5. Nc3 Qc7 6. Bd3 Nc6 7. Nxc6 bxc6 8.
O-O Nf6 9. f4 d5 10. e5 Nd7 11. Na4 c5 12. c4 d4 13. Bd2 Be7 14. Qh5 Bb7 15. b3
g6 16. Qh3 a5 17. Nb2 Ra6 18. Rae1 O-O 19. Bc2 Rb8 20. a4 Bf8 21. Nd3 Bg7 22.
Nf2 Rf8 23. Ng4 f6 24. exf6 Nxf6 25. Ne5 Nd7 26. Nf3 Bxf3 27. Rxf3 Rf6 28. g4
Nf8 29. g5 Rf7 30. Qg4 Rd6 31. Be4 Qb6 32. Rd3 Qd8 33. h4 Ra7 34. h5 Qb8 35.
Kf1 Rb6 36. Rb1 Qe8 37. Rh3 Rd6 38. Ke2 Qd8 39. Kd3 Qb8 40. Kc2 Qd8 41. Qe2 Qb8
42. Qd3 Qe8 43. Rh4 Kf7 44. Re1 Qb8 45. Rh3 Rb6 46. Rf3 Rd6 47. Re2 Qd8 48. Rh2
Qe8 49. Re2 Qd8 50. Be1 Re7 51. Bg3 Rb6 52. Rf1 Rd7 53. Rd1 Ra6 54. Qf3 Kg8 55.
Qd3 Kf7 56. Rf1 Rb6 57. Ref2 Qe8 58. h6 Bh8 {[%tqu "En","How can White convert
activity of his pieces into a full point?","Use the power of your rooks and an
exposed positon of the enemy king.","Open the f-file!","f4f5","This efficient
pawn advance makes White's attack irresistible.",6]} 59. f5 $1 {[%csl Gd3,Ge4,
Gf1,Gf2,Gf5,Rf7,Rf8][%cal Gf1f7,Gd3f5] This spectacular pawn advance destroys
Black's defense and spells a quick end for black.} gxf5 (59... Kg8 {fails to}
60. fxg6 Nxg6 61. Bxg6 hxg6 62. Rf8+ Qxf8 63. Qxg6+ Bg7 64. h7+ Kh8 65. Rxf8+
Bxf8 66. Qg8#) (59... exf5 {is also met by} 60. Bxf5 $1) 60. Bxf5 $1 {[%csl
Gf5][%cal Gd3f5,Gf1f5] Opening the f-file for White's major pieces. White's
attack is irresistible.} exf5 61. Rxf5+ (61. Qxf5+ Bf6 62. Qxc5 d3+ 63. Kd1 {
was winning too.}) 61... Bf6 62. Rxc5 Kg8 63. gxf6 Rbb7 64. Re5 Qf7 65. Rb5 {
Black's position is absolutely hopeless.} Rxb5 66. axb5 Qh5 67. Bd6 Ra7 68. c5
Ne6 69. Qf3 Qg6+ 70. Qf5 Qf7 71. Re1 Nf8 72. Re7 1-0

[Event "BL2-Nord 0001"]
[Site "Germany"]
[Date "2000.12.10"]
[Round "3.1"]
[White "Bangiev, Alexander J"]
[Black "Machelett, Heiko"]
[Result "1-0"]
[WhiteElo "2430"]
[BlackElo "2376"]
[Annotator "Bangiev,A"]
[PlyCount "59"]
[EventDate "2000.10.15"]
[EventType "team-tourn"]
[EventRounds "9"]
[EventCountry "GER"]
[SourceTitle "CBM 082 Extra"]
[Source "ChessBase"]
[SourceDate "2001.07.03"]
[SourceVersion "1"]
[SourceVersionDate "2001.07.03"]
[SourceQuality "1"]
[WhiteTeam "Isernhagen"]
[BlackTeam "Leipzig Gohlis"]
[WhiteTeamCountry "GER"]
[BlackTeamCountry "GER"]

1. e4 c5 2. Nf3 e6 3. d4 cxd4 4. Nxd4 a6 5. Nc3 Nc6 6. Be3 Nge7 7. Be2 b5 8.
O-O Nxd4 9. Qxd4 Nc6 10. Qd2 Be7 11. f4 d6 12. Rad1 (12. Bf3 $5) (12. f5 $5 O-O
13. fxe6 Bxe6 14. a4 b4 15. Nd5 a5 16. Bc4 Ne5 17. Bb3 $14) 12... Bb7 (12...
O-O 13. Bf3 (13. f5 $5) 13... Bb7 14. Qf2 Qc8 15. Bb6 Rb8 16. Kh1 Ba8 17. Ne2
Qb7 18. Be3 Qc7 19. Qg3 Bf6 20. c3 b4 $132 {1/2-1/2 Sammour Hasbun,J-Taimanov,
M/New York 1992/(50)}) 13. Qe1 $6 (13. Bf3 Na5 14. Qf2 Nc4 15. Bd4 Nxb2 16. Rb1
Nc4 17. Bxg7 Rg8 18. Bd4 e5 $36) 13... Qc7 14. Qf2 Rc8 15. Bf3 O-O (15... Bf6
16. e5 dxe5 17. Ne4 Be7 18. Bb6 Qb8 19. Bc5 O-O 20. Nd6 $13) 16. g4 $6 {
Damit wird die Umgruppierung Bg2, Rd3-h3 mit folgendem Qh4 geplant. Die Frage
ist nur, wie dazu kommen sollte?} Bf6 $1 17. Bb6 (17. g5 $6 Bxc3 18. bxc3 Ne7
$36 {/\d5}) 17... Qb8 18. Bg2 (18. g5 $2 Bxc3 19. bxc3 Ne7 $17 {/\d5} 20. Bd4
d5) 18... Ba8 (18... Bxc3 19. bxc3 Ne7 20. f5 $5) 19. Kh1 {Weiß versucht
seinen Plan umsetzen. Damit soll der Damenabtausch vermeidet werden.} (19. Rd3
$6 Nb4 20. Rh3 Nxc2 21. g5 (21. e5 Bxg2 22. Kxg2 Qb7+ 23. Kg1 dxe5 24. Bc5 Rxc5
25. Qxc5 exf4 $17) 21... Qxb6 22. gxf6 Qxf2+ 23. Rxf2 Nd4 $15) (19. Rd2 $5 Bxc3
20. bxc3 Ne7) 19... Nb4 20. Bd4 Bxd4 21. Rxd4 Nc6 ({Mit diesem obligatorischen
meiner Meinung nach Zug, habe ich gerechnet.} 21... Nxc2 22. Qxc2 b4 23. Qd2
bxc3 24. bxc3 Rfd8 25. Rd1 Rc6 $13) 22. Rd3 {Nun hat der Weiße Plan gute
Chancen.} b4 23. Nd1 Qc7 24. Rh3 Qe7 $6 25. g5 {/\Qh4} f5 (25... g6 $5 26. Qh4
f6) 26. exf5 exf5 $2 {[%mdl 8192]} (26... Rxf5 27. Qh4 g6 28. Ne3 Rf7 29. Ng4
$36) 27. Bd5+ Kh8 28. Re1 $18 (28. Rxh7+ $6 Kxh7 29. g6+ Kh6 (29... Kxg6 30.
Qg3+) 30. Qg3 Ne5 $13) 28... Qd7 29. Rxh7+ Kxh7 30. g6+ 1-0

[Event "Kurgan"]
[Site "Kurgan"]
[Date "1995.??.??"]
[Round "9"]
[White "Chuprov, A."]
[Black "Balashov, Yuri S"]
[Result "1-0"]
[WhiteElo "2420"]
[BlackElo "2505"]
[Annotator "Belov,I"]
[PlyCount "95"]
[EventDate "1995.??.??"]
[EventType "tourn"]
[EventRounds "11"]
[EventCountry "RUS"]
[EventCategory "9"]
[SourceTitle "CBM 049 Extra"]
[Source "ChessBase"]
[SourceDate "1996.01.01"]
[SourceVersion "1"]
[SourceVersionDate "1996.01.01"]
[SourceQuality "1"]

1. e4 c5 2. Nf3 e6 3. d4 cxd4 4. Nxd4 Nc6 5. Nc3 a6 6. Be3 Nf6 7. Nxc6 (7. Bd3
d5 8. O-O $5 (8. exd5 exd5 9. Qe2 Be7 10. f3 O-O 11. Qf2 Re8 12. O-O Bd6 $10 {
Balashov,Y-Sokolov,A/URS-ch/1985/0,5/22/}) 8... Be7 9. exd5 exd5 10. Re1 O-O
11. Nxc6 bxc6 12. Na4 Bg4 13. Qd2 Nd7 14. c4 $16 {Ivanchuk,V-Benjamin,J/Munich
SKA/1994/1:0/31/}) 7... bxc6 8. e5 Nd5 9. Nxd5 cxd5 10. Bd3 Qc7 (10... d6 11.
Bf4 (11. Bd4 $5) 11... Be7 12. O-O O-O 13. exd6 Bxd6 14. Bxd6 Qxd6 15. c4 Bb7
$10 {Kuijf,M-Ligterink,G/NED-ch/1981/}) 11. Bd4 Bc5 (11... d6 12. exd6 Qxd6 13.
O-O $14) 12. Qg4 Bxd4 13. Qxd4 Rb8 14. O-O O-O 15. Rae1 f6 (15... d6 $5 16.
exd6 (16. f4 Qc5 17. Qxc5 dxc5 $10) 16... Qxd6 17. c4 Bb7 18. c5 Qd7 19. b4 $13
) 16. Qh4 h6 17. f4 Bb7 (17... Rxb2 18. Qh5 fxe5 (18... f5 19. g4 fxg4 20. Qg6
$36) 19. fxe5 Qc5+ 20. Kh1 $36) 18. Qh5 fxe5 19. fxe5 Qc5+ 20. Kh1 Rxf1+ 21.
Rxf1 Rf8 22. Rf6 $1 Qe3 (22... Rxf6 23. exf6 gxf6 24. Qg6+ Kf8 25. Qxf6+ Kg8
26. Qg6+ $18) (22... gxf6 $4 23. Qg6+ Kh8 24. Qh7#) 23. Rxf8+ Kxf8 24. Qf3+ $1
Qxf3 25. gxf3 $16 Ke7 26. Kg2 a5 (26... g5 $5 27. Kg3 d6 28. f4 dxe5 29. fxe5
a5) 27. f4 $1 g5 $2 (27... d6 28. Kg3 dxe5 29. fxe5 Kf7 30. Kf4 Bc6 31. b3 Ke7
32. a3 $16) 28. fxg5 hxg5 29. Kg3 d6 $8 30. exd6+ Kxd6 31. Kg4 e5 32. Kxg5 $18
e4 33. Be2 Ke5 34. c3 d4 35. cxd4+ Kxd4 36. Kf4 $1 e3 37. h4 Be4 38. h5 Bd3 39.
h6 $1 (39. Bxd3 Kxd3 40. h6 e2 41. h7 e1=Q 42. h8=Q Qf2+ $10) 39... Bb1 40. b3
$1 Bh7 41. a3 Kc3 42. b4 axb4 43. axb4 Kxb4 44. Kxe3 Kc5 45. Bd3 Bg8 46. Kf4
Kd5 (46... Kd6 47. Kg5 Ke7 48. Kg6 $18) 47. Kg5 Ke5 48. Kg6 1-0

[Event "Biel MTO op 49th"]
[Site "Biel"]
[Date "2016.08.03"]
[Round "9"]
[White "Shankland, Samuel L"]
[Black "Safarli, Eltaj"]
[Result "1/2-1/2"]
[WhiteElo "2661"]
[BlackElo "2678"]
[Annotator "Besenthal,K"]
[PlyCount "37"]
[EventDate "2016.07.25"]
[EventType "swiss"]
[EventRounds "9"]
[EventCountry "SUI"]
[SourceTitle "CBM 173 Extra"]
[Source "ChessBase"]
[SourceDate "2016.08.29"]
[SourceVersion "1"]
[SourceVersionDate "2016.08.29"]
[SourceQuality "1"]

1. e4 c5 2. Nf3 e6 3. d4 cxd4 4. Nxd4 Nc6 5. Nc3 a6 6. Be3 Nf6 7. Qd2 Bb4 8. f3
d5 {Diagramm [#] Eine der seltenen Gelegenheiten in der Sizilianischen
Verteidigung, bei der Schwarz diesen Zug durchführen kann. Die Folge:
völliger Ausgleich.} 9. a3 Qa5 10. exd5 Nxd5 11. Nb3 Bxc3 12. Nxa5 Bxd2+ 13.
Bxd2 Nxa5 14. Bxa5 Ne3 15. Kf2 Nxf1 (15... Nxc2 $2 16. Rd1 Bd7 17. Bc3 {
ist nicht ratsam für Schwarz.}) 16. Rhxf1 O-O 17. Rfd1 e5 18. Rd6 Bf5 19. c4 {
Diagramm [#] Keine zwanzig Züge sind gespielt, aber es ist bereits eine
Stellung erreicht, in der der Remisschluss durchaus angemessen ist.} 1/2-1/2

[Event "Leon"]
[Site "Leon"]
[Date "1991.??.??"]
[Round "?"]
[White "Romero Holmes, Alfonso"]
[Black "Sion Castro, Marcelino"]
[Result "0-1"]
[WhiteElo "2485"]
[BlackElo "2410"]
[Annotator "Blatny,P"]
[PlyCount "74"]
[EventDate "1991.06.??"]
[EventType "tourn"]
[EventRounds "9"]
[EventCountry "ESP"]
[EventCategory "10"]
[SourceTitle "CBM 025"]
[Source "ChessBase"]
[SourceDate "1991.12.01"]
[SourceVersion "1"]
[SourceVersionDate "1991.12.01"]
[SourceQuality "1"]

1. e4 c5 2. Nf3 e6 3. d4 cxd4 4. Nxd4 a6 5. Nc3 Nc6 6. Bf4 d6 (6... Qf6 7. Be3
Bb4 8. Qd2 Nge7 {Nicevski-Abramovic, SFRJ 1975} 9. a3 $14) 7. Bg3 (7. Nxc6 bxc6
8. Bc4 Nf6 9. Qe2 e5 10. O-O-O Qc7 (10... exf4 11. e5 $40) 11. Bg5 Be7 12. Qd3
Be6 $13 {Van der Wiel}) (7. Nf3 b5 8. Qd2 Ra7 9. O-O-O Rd7 $10 {Schneider,
LA-Taimanov, Jurmala 1978}) 7... Nf6 8. Nxc6 $5 (8. Be2 Bd7 9. Nb3 Qc7 10. f4
Rd8 11. Bf3 Be7 12. Qe2 Bc8 $10 {Vasiukov-Furman, USSR 1972}) 8... bxc6 9. e5 {
/\><c6} Nd5 10. exd6 Bxd6 11. Ne4 Be7 {/^a1-h8} (11... Bxg3 12. hxg3 $14 {
--> _|_ +/-}) 12. c4 Qa5+ $1 13. Nd2 $8 Nf6 14. Bd3 Bb7 15. O-O c5 {=/+/= /
^a8-h1} 16. Qb3 Bc6 17. Nf3 Rd8 18. Ne5 Ba8 19. Rfd1 O-O 20. Be2 Ne4 21. Bf4
Bd6 22. Bd3 $2 (22. f3 {ץe2}) (22. Nd3 $142 Bxf4 23. Nxf4 Rd4 {/\Rfd8=/+})
22... Qc7 23. f3 Nf6 24. Qc3 Nh5 $17 25. g3 Nxf4 26. gxf4 f6 27. Ng4 Bxf4 28.
Be4 Bxe4 29. fxe4 f5 $19 30. exf5 exf5 31. Ne3 Bxh2+ 32. Kh1 Be5 33. Qc2 Qc6+
34. Nd5 Qh6+ 35. Kg1 Bd4+ 36. Kg2 Qg5+ 37. Kf3 $138 (37. Kh1 Rd6) 37... Qg4#
0-1

[Event "NED-ch46"]
[Site "Eindhoven"]
[Date "1991.06.12"]
[Round "3"]
[White "Kuijf, Marinus"]
[Black "Van Mil, Johan"]
[Result "0-1"]
[WhiteElo "2460"]
[BlackElo "2415"]
[Annotator "Blatny,P"]
[PlyCount "72"]
[EventDate "1991.06.10"]
[EventType "tourn"]
[EventRounds "11"]
[EventCountry "NED"]
[EventCategory "9"]
[SourceTitle "CBM 026"]
[Source "ChessBase"]
[SourceDate "1992.02.01"]
[SourceVersion "1"]
[SourceVersionDate "1992.02.01"]
[SourceQuality "1"]

1. e4 c5 2. Ne2 e6 3. Nbc3 a6 4. d4 cxd4 5. Nxd4 Nc6 6. f4 (6. Bc4 Qc7 7. O-O
Nf6 8. Bg5 Nxd4 9. Qxd4 Bc5 10. Qd3 b5 11. Bb3 Bb7 12. Bxf6 gxf6 13. Kh1 O-O-O
14. a3 Rhg8 $1 {/\f5; /\Rg6} 15. f3 $6 Rg6 16. Ne2 $2 (16. g3 $8 Rdg8 17. Ne2
$17) 16... Qxh2+ $3 {0:1 Hakola-Parkinen, Finnland (corr) 1990}) 6... Nge7 7.
Nf3 $6 {N} b5 8. Bd3 Bb7 9. O-O d5 $1 $15 10. Ng5 $2 (10. Qe2 $15) 10... h6 11.
Qh5 g6 12. Qh3 dxe4 13. Ngxe4 (13. Ncxe4 Nf5 14. Nf3 Nb4 $17) 13... Nf5 14. Ng3
Nb4 15. Rd1 Qb6+ 16. Kh1 O-O-O $17 17. Nge4 $6 (17. Nxf5 gxf5 {/\Rg8 -> ><g2})
17... Be7 18. a4 (18. a3 $142 Nxd3 19. cxd3 {-/+/-+}) 18... Nxd3 19. cxd3 (19.
Rxd3 b4 $19) 19... b4 20. a5 Qc7 $19 21. Bd2 $8 bxc3 22. Bxc3 Bxe4 23. Bxh8 (
23. dxe4 Rxd1+ 24. Rxd1 Rd8 $19) 23... Bc6 24. Be5 Qb7 25. Rac1 Kd7 $1 26. Rc2
Rc8 27. Re2 (27. Rdc1 Bxg2+ $1 28. Qxg2 Qxg2+ $19) 27... Bd5 28. Bc3 Bd6 29.
Rf2 h5 30. Re1 Bc5 31. d4 Be7 32. Qd3 Bh4 33. Qe2 Bxf2 34. Qxf2 Qb5 35. Kg1 Qd3
36. Rf1 Qe3 0-1